Peddlers and princes : social development and economic change in two Indonesian towns
Αποθηκεύτηκε σε:
| Κύριος συγγραφέας: | |
|---|---|
| Μορφή: | Βιβλίο |
| Γλώσσα: | English |
| Δημοσίευση: |
Chicago :
University of Chicago Press,
c1963
|
| Θέματα: | |
| Ετικέτες: |
Προσθήκη ετικέτας
Δεν υπάρχουν, Καταχωρήστε ετικέτα πρώτοι!
|
MARC
| LEADER | 00000nam a2200000 i 4500 | ||
|---|---|---|---|
| 001 | 1/17608 | ||
| 008 | 981006s1963 eng d | ||
| 020 | |a 0-226-28514-6 | ||
| 035 | |l 10020622 | ||
| 040 | |a GR-MY-UA |b gre |e aacr | ||
| 041 | 0 | |a eng | |
| 082 | 0 | |a 338.909598 | |
| 100 | 1 | |a Geertz, Clifford. | |
| 245 | 1 | 0 | |a Peddlers and princes : |b social development and economic change in two Indonesian towns / |c Clifford Geertz |
| 260 | |a Chicago : |b University of Chicago Press, |c c1963 | ||
| 300 | |a 162 p. |b Fig. | ||
| 504 | |a Includes index | ||
| 650 | 0 | 0 | |a Social change |z Indonesian. |
| 650 | 0 | 0 | |a Economic development |x Case studies. |
| 651 | 0 | |a Tabanan (Indonesia) |x Economic conditions. | |
| 852 | |a INST |b LESVOS |e 19981006 |h 338.909598 GEE |p 005100017631 |q 005100017631 |t BK |y 0 | ||
| 901 | |a BIBL1-1999-1 | ||
| 909 | |a Λ |b 059247 | ||
| 922 | |a 1ΕΛΗ |b 199809 |c ΚΠΣ/ΤΚΑ |d ΠΑΠΑΣΩΤΗΡΙΟΥ | ||
| 950 | |a 117-1998-07-11 | ||
| 970 | |z 2000/06/ΟΙΚΟΝΟΜΟΠΟΥΛΟΥ ΧΡΙΣΤΙΝΑ | ||